| 000 | 01468 a2200229 4500 | ||
|---|---|---|---|
| 001 | 36494 | ||
| 005 | 20260407155639.0 | ||
| 008 | 260407a1984 arg spa d | ||
| 003 | AR-UNSa-BCEJYS | ||
| 040 |
_aAR-UNSa-BCEJYS _bspa _cAR-UNSa-BCEJYS |
||
| 080 |
_a658.5 _xPlanificación y control de la producción |
||
| 245 | 1 | 0 | _aAdministración de la producción |
| 020 | _a968-25-0952-1 | ||
| 264 | 1 |
_aMéxico : _bInteramericana _c1984 |
|
| 300 |
_a404 p. _c25 cm. |
||
| 505 | _aI: Introducción : 1. ¿ Qué es la producción? - 2. Métodos de análisis - II: El enfoque sistémico: 3. Nociones básicas - 4. El sistema de empresa - III: Concepción del sistema de producción : 5. Producto, procedimiento y capacidad - 6. La localización - 7. Arreglo de las instalaciones y manutención - IV: La administración de operaciones: 8. Las previsiones - 9. Elementos de administración de inventarios - 10. La planificación global - 11. Planificación de un sistema de producción en serie - 12. Planificación de un sistema de producción intermitente - 13. Planificación de un sistema de producción por unidad - 14. Administración del abastecimiento - 15. Elementos de administración de la calidad - 16. Control de calidad - 17. Administración del mantenimiento y la seguridad en el trabajo. | ||
| 942 | _cBK | ||
| 590 | _aniveau_biblio:m niveau_hierar:0 | ||
| 100 | 1 | _aGómez Mont Araiza, Jaime | |
| 700 | 1 | _aTawfil, Louis | |
| 700 | 1 | _aChauvel, Alain M. | |
| 999 |
_c2656 _d2656 |
||